01196 a2200217 4500003000500000005001700005040000900022082001600031100002300047245010800070250001100178260003500189300002800224505041500252538003100667600002300698650010200721942001200823999001900835952012400854Nust20250923164816.0 cNust a621.384,REY aJ H Reyner9130661 aModern radio communication ;bfor the more advanced student covering the technique requiredcJ H Reyner a3rd ed aSir Isaac PitmanbLondonc1940 a255, 23 pbillusc19 cm aThe Radio Transmitter (Page-1), The Transmitting Aerial (Page-26), Feeders (Page-40), The Radio Receivers (Page-51), The Receiving Aerial (Page-131), Coupled Circuits (Page-144), Filters And Attenuators (Page-155), Commercial Radiotelephony (Page-174), Short Wave Operation (Page-182), Ultra Short Waves (Page-199), Measurements In Radio Communication (Page-207), Picture Transmission And Television (Page-224) aAlmirah No. 39 Shelf No. 3 aJ H Reyner9130661 aModern radio communication ;for the more advanced student covering the technique required9130662 2ddccBK c183139d183139 00102ddc4070aMCSbMCScGENd2016-12-12o621.384,REYpMCS6954r2016-12-08w2016-12-12yBKzAlmirah No.84, Shelf No.1